[Event "Yogyakarta Japfa (Women)"]
[Site "Yogyakarta"]
[Date "2019.06.13"]
[Round "1"]
[White "Citra, Dewi Ardhiani Anast"]
[Black "Monica, Putri Wigustira"]
[Result "1-0"]
[WhiteElo "2205"]
[BlackElo "2151"]
[PlyCount "35"]
[EventDate "2019.06.13"]
[EventType "tourn"]
[EventRounds "11"]
[EventCountry "INA"]
[SourceTitle "CBM 191 Extra"]
[Source "ChessBase"]
[SourceDate "2019.09.30"]
[SourceVersion "1"]
[SourceVersionDate "2019.09.30"]
[SourceQuality "1"]

1. e4 b6 2. d4 Bb7 3. Bd3 e6 4. Nf3 c5 5. c3 cxd4 6. cxd4 d5 7. e5 Nc6 8. Nc3 Nge7 9. Bg5 Qd7 10. a3 Ng6 11. h4 Be7 12. h5 Nf8 13. Nb5 Bxg5 14. Nxg5 f6 15. Nd6+ Ke7 16. h6 g6 17. Qf3 f5 18. Qf4 1-0

[Event "Cilacap PCNI Cup"]
[Site "Cilacap"]
[Date "2017.11.20"]
[Round "6"]
[White "Monica, Putri Wigustira"]
[Black "Verdiana, Norasa"]
[Result "0-1"]
[WhiteElo "2217"]
[BlackElo "2040"]
[PlyCount "58"]
[EventDate "2017.11.18"]
[EventType "tourn"]
[EventRounds "10"]
[EventCountry "INA"]
[SourceTitle "CBM 181 Extra"]
[Source "ChessBase"]
[SourceDate "2017.12.12"]
[SourceVersion "1"]
[SourceVersionDate "2017.12.12"]
[SourceQuality "1"]

1. e4 e5 2. f4 exf4 3. Nf3 Ne7 4. Bc4 d5 5. exd5 Nxd5 6. 0-0 Be7 7. d4 0-0 8. Bd3 Nc6 9. c4 Ne3 10. Bxe3 fxe3 11. Nc3 Bg4 12. d5 Ne5 13. Be2 Bxf3 14. Bxf3 Nxc4 15. b3 Nd2 16. Re1 Bc5 17. Kh1 Bd4 18. Rc1 Qh4 19. g3 Qf6 20. Bg2 Rae8 21. Nb5 Bb6 22. Nxc7 Re5 23. Nb5 Qh6 24. Qg4 Rg5 25. Qf4 Qg6 26. Nd4 Rg4 27. Qxe3 Rxd4 28. Qe2 Qh6 29. Red1 Qg5 0-1

[Event "Cilacap PCNI Cup"]
[Site "Cilacap"]
[Date "2017.11.18"]
[Round "1"]
[White "Verdiana, Norasa"]
[Black "Monica, Putri Wigustira"]
[Result "1-0"]
[WhiteElo "2040"]
[BlackElo "2217"]
[PlyCount "81"]
[EventDate "2017.11.18"]
[EventType "tourn"]
[EventRounds "10"]
[EventCountry "INA"]
[SourceTitle "CBM 181 Extra"]
[Source "ChessBase"]
[SourceDate "2017.12.12"]
[SourceVersion "1"]
[SourceVersionDate "2017.12.12"]
[SourceQuality "1"]

1. e4 b6 2. d4 Bb7 3. Nc3 e6 4. Nf3 Bb4 5. Bd3 Ne7 6. 0-0 Bxc3 7. bxc3 d6 8. e5 dxe5 9. Nxe5 0-0 10. Qh5 g6 11. Qh6 Nf5 12. Qh3 Nd7 13. Ng4 h5 14. Ne3 Kg7 15. Re1 a5 16. Nxf5+ exf5 17. Qe3 Rh8 18. c4 Qf6 19. Qe7 Qxe7 20. Rxe7 Rhd8 21. Bf4 Rac8 22. d5 Kf6 23. Rae1 g5 24. Bd2 Nc5 25. Bc3+ Kg6 26. Bd4 Nd7 27. f3 Nf6 28. R1e5 Kg7 29. Rxf5 Rd6 30. Be5 Rcd8 31. Bxd6 Rxd6 32. Rxg5+ Kh6 33. h4 Rd7 34. Rge5 Bc8 35. Kf2 Kg7 36. Ke3 Kf8 37. Rxd7 Bxd7 38. Kf4 Kg7 39. Bf5 Kf8 40. Bxd7 Nxd7 41. Rxh5 1-0